| 000 | 01082nam a2200301 a 4500 | ||
|---|---|---|---|
| 001 | 60458 | ||
| 003 | BD-RjUL | ||
| 005 | 20211209080839.0 | ||
| 008 | 170101s1999 txua b 001 0 eng | ||
| 020 | _a9814066486 | ||
| 035 | _a(BD-RjUL)60582 | ||
| 040 |
_aDLC _cDLC _dDLC _d(BD-RjUL) _beng |
||
| 041 | _aeng | ||
| 082 | 0 | 0 |
_a658.15 _223 _bBRF 2001 |
| 100 | 1 |
_aBrigham, Eugene F. _d1930- _9179923 |
|
| 245 | 1 | 0 |
_aFinancial management : _btheory and practice / _cEugene F. Brigham, Louis C. Gapenski, Michael C. Ehrhardt. |
| 250 | _a9th ed., Indian Reprint ed. | ||
| 260 |
_aDelhi : _bHarcourtbAsia Pte. Ltd., _cc1999 [Printed 2001] |
||
| 300 |
_axxiv, 1087, 82 p. : _bill. ; _c27 cm. |
||
| 504 | _aIncludes bibliographical references and index. | ||
| 650 | 0 |
_aCorporations _xFinance. _9175109 |
|
| 700 | 1 |
_aGapenski, Louis C., jt. auth. _9179925 |
|
| 700 | 1 |
_aEhrhardt, Michael C., jt. auth. _d1955- _9179926 |
|
| 830 |
_aThe Dryden Press series in finance _9219062 |
||
| 942 |
_2ddc _cBK |
||
| 999 |
_c60458 _d60458 |
||